000 00665nam a2200241Ia 4500
001 19646
005 20240113235940.0
007 ta
008 060211s1951 a g b000 u 465 u
040 _aCotton College,Assam
041 _a465
082 _a820.9
_bC 735 Am
100 _aCommager, Henry Steele .
245 0 _aAmerica in Perspective /
_cHenry Steele Commager.
_hTextual Documents
250 _a1st ed. /
260 _aNew York :
_bThe New American Library ,
_c1951.
300 _a223p. :
_bill ;
_c17cm .
653 _aEnglish Literature-Criticism
653 _aG-English
942 _2ddc
_cBK
999 _c19628
_d19628